Presidents of Finland - Statistics

General Stats
  • This quiz has been taken 244 times
  • The average score is 11 of 13
Answer Stats
Picture Answer % Correct
Niinistö
99%
Halonen
97%
Kekkonen
97%
Mannerheim
97%
Stubb
97%
Ahtisaari
90%
Koivisto
90%
Ståhlberg
88%
Ryti
84%
Kallio
81%
Paasikivi
76%
Svinhufvud
72%
Relander
67%
No matching quizzes found
Score Distribution
Percent of People with Each Score
Percentile by Number Answered
Your Score History
You have not taken this quiz